000 00629nam a2200241 i 4500
001 C2-0272672
003 PPAK
005 20180728002201.0
008 060809s2006 my |||| ||||| | may d
020 _a9838936820
040 _aPPAK
_beng
_cPPAK
_erda
082 0 4 _a899.233
_223
090 0 0 _a899.233
_bNAS
_dG
100 0 _aNass Alina Noah,
_eauthor
245 1 0 _aBomb bombastic
264 1 _aKuala Lumpur :
_bCreative Enterprise ,
_c2006
300 _a456 pages ;
_c19 cm
336 _2rdacontent
_atext
337 _2rdamedia
_aunmediated
338 _2rdacarrier
_avolume
650 1 0 _aMalay fiction
942 _ddc
_cB
999 _c80621
_d80621